LEADER 01372nam a2200313 a 4500 001 000000125435 003 CaOOAMICUS 005 20110525102952.0 008 110525s2010 it a u000 u ita r 040 $aPUL$bita 082 04$a759.05 100 1 $aCastellani, Francesca.$0(OLS)http://pul/name/52723 245 10$aManet e le origini dell'impressionismo /$cFrancesca Castellani ; catalogo di Giuseppe Di Natale. 260 $aFirenze :$bE-ducation.it S.p.a.,$c©2010. 300 $a359 p. :$bill. ;$c30 cm 490 1 $aL'etŕ dell'impressionismo 500 $aTitolo originale della collana: I grandi maestri dell'arte. 504 $aBibliografia p. 357-359. 600 14$aManet, Edouard,$d1832-1883.$0(OLS)http://pul/subject/37672 650 4$aPittura.$0(OLS)http://pul/subject/15768 700 1 $aDi Natale, Giuseppe.$0(OLS)http://pul/name/79394 830 0$aEtŕ dell'impressionismo.$0(OLS)http://pul/title/157521 850 $aPUL 852 $aPUL$W1$xSL Cons. Gen., Altre Classi 3$y75$m759. 05 COLL 1.5$j144460$qDDC 21$B143489$CPULBib$Z2$F143489 $H115713 $82 941 1 $a9 996 $6082$a759.05$9(OLS)http://pul/classification/1949 996 $6245$aManet e le origini dell'impressionismo$9(OLS)http://pul/title/158168 996 $6260$aFirenze :$bE-ducation.it S.p.a.$9(OLS)http://pul/publisher/81559 LEADER 01171nam a2200289 u 4500 001 000000081246 003 CaOOAMICUS 005 20070226123732.0 008 050317s1931 it u000 u ita u 035 $a11034837 040 $aPUL(R)$bita 041 1 $aita$hfre 100 1 $aDescartes, René,$d1596-1650.$0(OLS)http://pul/name/6016 240 10$aDiscours de la méthode$9(Descartes, René, 1569-1650).$lItaliano.$0(OLS)http://pul/title/106276 245 10$aDiscorso sul metodo /$cCartesio ; introduzione, traduzione note di G. De Ruggiero. 250 $a2. ed. 260 $aFirenze :$bVallecchi,$c1931. 300 $a94 p. ;$c20 cm 490 1 $aTesti filosofici commentati 700 1 $aDe Ruggiero, Guido,$d1888-1948.$0(OLS)http://pul/name/5898 830 0$aTesti filosofici commentati (Vallecchi).$0(OLS)http://pul/title/65858 850 $aPUL 852 $aPUL$W1$xDP1 Fondo Cecchetti$y53$m260 D 52$j193470$nBK-PRI$b $qFondi$B103681$CPULBib$Z2$F103681 $81 900 $aCartesio,$d1596-1650$96016 941 1 $a1 996 $6245$aDiscorso sul metodo$9(OLS)http://pul/title/79725 996 $6260$aFirenze :$bVallecchi$9(OLS)http://pul/publisher/47977